000 00424cam a2200169ua 4500
041 _aeng
_h
082 _a631.533
_bMAH/PL
100 _aMahlstede, John P .
245 _aPlant propagation /
_cJohn P Mahlstede.
_hTextual Documents
250 _a1 /
_b.
260 _aNew York :
_bJohn Wiley & Sons ,
_c1957.
300 _a413 ; .
504 _a
700 1 _aHaber , Earnest S .
942 _cBK
999 _c8683
_d8683